000 00676nam a22001817a 4500
003 OSt
008 260629b |||||||| |||| 00| 0 eng d
020 _a9788119105403
082 _a640.7
_bS61R
100 _aSingh, Suman
245 _aResource Management (RM:ASSET) Advancements & Strategies for Education and Transformation / by Suman Singh, Sapna Dinesh, Roopa R. Rao
260 _aNew Delhi:
_bInternational Books & Periodicals Supply Service,
_c2024
300 _axix, 512 p.
650 _aHome Economics and Family Living | Technology (Applied sciences) | Home Economics | Teaching
700 _aDinesh, Sapna
700 _a Rao, Roopa R.
942 _2ddc
_cBK
999 _c52440
_d52440